US state capitals by letter-A - Statistics

General Stats
  • This quiz has been taken 29 times
  • The average score is 5 of 5
Answer Stats
Answer % Correct
Atlanta
100%
Annapolis
96%
Austin
96%
Albany
88%
Augusta
88%
No matching quizzes found
Score Distribution
Percent of People with Each Score
Percentile by Number Answered
Your Score History
You have not taken this quiz